Matemática 6: sexto año básico. Texto para el estudiante
Gorde:
| Egile nagusia: | |
|---|---|
| Erakunde egilea: | |
| Formatua: | Liburua |
| Hizkuntza: | gaztelania |
| Argitaratua: |
Santiago
Zig-Zag
2005
|
| Edizioa: | 2a. ed |
| Gaiak: | |
| Etiketak: |
Etiketa erantsi
Etiketarik gabe, Izan zaitez lehena erregistro honi etiketa jartzen!
|
MARC
| LEADER | 00000nam a2200000 a 4500 | ||
|---|---|---|---|
| 001 | UCH8215 | ||
| 003 | CL-VaPUC | ||
| 008 | 091127e20050000CL |||||||||||||||||spa|d | ||
| 020 | |a 9161215071 | ||
| 082 | 0 | 4 | |a 372.7 |b FRI |2 21 |
| 100 | 0 | |a Frías Barea, Mónica |e author |9 544672 | |
| 110 | 2 | |a Ministerio de Educación |e author |9 544673 | |
| 245 | 1 | 0 | |a Matemática 6: sexto año básico. Texto para el estudiante |
| 250 | |a 2a. ed | ||
| 300 | |a 174 p | ||
| 942 | |c BK | ||
| 945 | |d 20091127 00:00:00 |a lazolas | ||
| 260 | |a Santiago |b Zig-Zag |c 2005 | ||
| 650 | 0 | |a Matemática |9 260235 | |
| 650 | 0 | |a Educación básica |9 224933 | |
| 650 | 0 | |a Matemáticas |x Enseñanza |9 875527 | |
| 650 | 0 | |a Métodos de enseñanza |9 270413 | |
| 583 | |a last modification |c 20091127 00:00:00 |k Rodrigo Vera | ||
| 999 | |c 338448 |d 338446 | ||